রচনাসমগ্র / (Record no. 1464)
[ view plain ]
| 000 -LEADER | |
|---|---|
| fixed length control field | 00651nam a2200229 a 4500 |
| 001 - CONTROL NUMBER | |
| JCCL Control Number | 1464 |
| 003 - CONTROL NUMBER IDENTIFIER | |
| JCCL marc code | BD-JhCC |
| 005 - DATE AND TIME OF LATEST TRANSACTION | |
| control field | 20171019171414.0 |
| 008 - FIXED-LENGTH DATA ELEMENTS--GENERAL INFORMATION | |
| fixed length control field | 171019s2001 bg |||| ||a| 000 0 ben d |
| 020 ## - INTERNATIONAL STANDARD BOOK NUMBER | |
| International Standard Book Number | 98481602593 |
| 035 ## - SYSTEM CONTROL NUMBER | |
| system control number | (BD-JhCC)1464 |
| 040 ## - CATALOGING SOURCE | |
| Original cataloging agency | BD-JhCC |
| Modifying agency | BD-JhCC |
| 041 ## - LANGUAGE CODE | |
| Language code of Book | ben |
| 082 ## - DEWEY DECIMAL CLASSIFICATION NUMBER | |
| Classification number | 891.443 |
| Author mark and Year | HOS 2001 |
| 100 ## - MAIN ENTRY--PERSONAL NAME | |
| Personal name | হোসেন, সেলিনা |
| 245 ## - TITLE STATEMENT | |
| Title | রচনাসমগ্র / |
| Statement of responsibility, etc | সেলিনা হোসেন |
| 260 ## - PUBLICATION, DISTRIBUTION, ETC. (IMPRINT) | |
| Place of publication, distribution, etc | ঢাকা : |
| Name of publisher, distributor, etc | অন্যপ্রকাশনী, |
| Date of publication, distribution, etc | ২০০১. |
| 300 ## - PHYSICAL DESCRIPTION | |
| Pagination | 384 p. : |
| Dimensions | 23 cm. |
| 650 ## - SUBJECT ADDED ENTRY--TOPICAL TERM | |
| Topical term or geographic name as entry element | Collection Of Novel |
| 942 ## - ADDED ENTRY ELEMENTS (KOHA) | |
| Source of classification or shelving scheme | Dewey Decimal Classification |
| Koha item type | Books |
| Source of classification or shelving scheme | Damaged status | Not for loan | Home library | Current library | Shelving location | Date of accession | Cost, normal purchase price | Total Checkouts | Full call number | Barcode | Date last seen | Copy number | Koha item type |
|---|---|---|---|---|---|---|---|---|---|---|---|---|---|
| Dewey Decimal Classification | JCC Rouf Library | JCC Rouf Library | General Stacks | 10/19/2017 | 250.00 | 891.443 HOS 2001 | 2558 | 10/19/2017 | C-1 | Books |